| 000 -CABECERA |
| fixed length control field |
01342nam a22002057a 4500 |
| 003 - IDENTIFICADOR DEL NÚMERO DE CONTROL |
| control field |
AR-CdUCM |
| 008 - DATOS DE LONGITUD FIJA--INFORMACIÓN GENERAL |
| fixed length control field |
190318b ||||| |||| 00| 0 spa d |
| 040 ## - FUENTE DE LA CATALOGACIÓN |
| Agencia/entidad que catalogó originalmente la obra |
MUNICIPALIDAD PROVINCIAL DEL CUSCO |
| Entidad que transcribió la catalogación |
BIBLIOTECA MUNICIPAL DEL CUSCO |
| 082 ## - NÚMERO DE LA CLASIFICACIÓN DECIMAL DEWEY |
| No. de la edición |
4ed. |
| No. de Clasificación |
985.01 / |
| Notacion interna |
V18 |
| 100 ## - ENTRADA PRINCIPAL--NOMBRE DE PERSONA |
| Nombre Personal |
Valcárcel , Luis E. |
| 245 ## - MENCIÓN DE TÍTULO |
| Título |
Historia del Perú antiguo a través de la fuente escrita / |
| 260 ## - PUBLICACIÓN, DISTRIBUCIÓN, ETC. |
| Lugar de publicación, distribución, etc. |
Lima : |
| Nombre de la editorial, distribuidor, etc. |
Libreria Editorial Juan Mejía Baca, |
| Fecha de publicación, distribución, etc. |
1984. |
| 300 ## - DESCRIPCIÓN FÍSICA |
| Nº de Páginas Extensión |
6 tomos ; |
| Dimensiones |
22 cm. |
| 505 ## - NOTA DE CONTENIDO CON FORMATO |
| Nota de contenido formateada |
Contenido : t.1: Nota del editor -- Introducción -- Plan y desarrollo de la obra -- Primera vision española del Perú -- Crónicas de viaje... t.2: Caza y pesca -- Ganadería -- Calendario agrícola -- Agricultura -- Tierras... t.3: El sistema mágico religioso -- Lo mágico religioso -- Los magos -- Creencias y practicas mágicas -- Predicciones... t.4: Concepción del mundo -- El mito de Viracocha -- Nuevas versiones y otros mitos -- El mito de Kon -- La creación y el diluvio... t.5: Gutiérrez de Santa Clara -- Zárate -- Licenciado Santillán --El Palentino -- Anónimo de 1580... t.6: Los adoratorios del Cusco, del P. Cobo -- La documentación de los archivos -- Los tiempos anteriores al imperio. |
| 650 ## - PUNTO DE ACCESO ADICIONAL DE MATERIA--TÉRMINO DE MATERIA |
| Descriptor |
Historia |
| 9 (RLIN) |
246 |
| 650 ## - PUNTO DE ACCESO ADICIONAL DE MATERIA--TÉRMINO DE MATERIA |
| Descriptor |
Fuentes |
| 9 (RLIN) |
5740 |
| 650 ## - PUNTO DE ACCESO ADICIONAL DE MATERIA--TÉRMINO DE MATERIA |
| Descriptor |
Perú antiguo |
| 9 (RLIN) |
18455 |
| 942 ## - ELEMENTOS DE PUNTO DE ACCESO ADICIONAL (KOHA) |
| Fuente de clasificación |
|
| Tipo de item |
Libros-BMC |
| 945 ## - PROCESAMIENTO DE INFORMACIÓN LOCAL (OCLC) |
| Catalogador |
zta |